000 01305nam a2200349 i 4500
001 000021496
003 DO-SdBNP
005 20250718150433.0
007 ta
008 100908s1996 dr 000 0 spa d
020 _a8484001784
040 _aDO-SdBNP
_bspa
_cBNPHU
_erda
041 _aspa
082 4 _a711.4
_bC167a
_222
100 1 _aCalventi, Rafael,
_d1932-
_eautor
_4aut.
_944809
245 1 0 _aAutocracia e inversión pública :
_btemas para futuros gobiernos /
_cRafael Calventi ; introducción, Hugo Tolentino Dipp.
250 _aPrimera edición
264 4 _aSanto Domingo, República Dominicana :
_bEditora Taller,
_c©1996.
300 _a194 páginas ;
_c20 cm.
336 _atexto
_btxt
_2rdacontent
337 _asin mediación
_bn
_2rdamedia
338 _avolumen
_bnc
_2rdacarrier
490 0 _aBiblioteca Taller
_v315
500 _aIncluye datos biográficos del autor en las solapas
500 _aIncluye referencias bibliográficas y notas al pie de las páginas.
590 _aInventariado, 2018/LP
650 4 _aSociología urbana
_zRepública Dominicana
_944810
651 4 _aRepública Dominicana
_xObras Públicas
_919109
700 1 _aTolentino Dipp, Hugo,
_eautor de introducción
_4introd.
_984515
910 _aValidado. Control de calidad MFF
942 _2ddc
_cLBS1
999 _c20996
_d20996